| 000 | 02426cam a2200325 4500500 | ||
|---|---|---|---|
| 005 | 20260208005021.0 | ||
| 041 | _afre | ||
| 042 | _adc | ||
| 100 | 1 | 0 |
_aAnker, Richard _eauthor |
| 245 | 0 | 0 | _aLe Suspens du roman |
| 260 | _c2010. | ||
| 500 | _a62 | ||
| 520 | _aThe figural ontology that authorises the Jamesian novel is constituted in a specular turn erecting before the subject, as in a mirror, an image of its original—or rather pre-original—dispossession, itself constituted by the faculty of language. Man doesn’t possess language like a property; language, on the contrary, dispossesses him of himself. Mimesis, or, more precisely, the mimetic or specular turn which constitutes the principle of James’s writing converts this intimate dispossession into a figure of the other apprehended (or misapprehended) by the subject as an alienated figure of the self. While the specular image provides the foundation for the Jamesian centre of consciousness (reflector) and a more or less conventional, if highly speculative, narrative structure, the spectral image places the mimetic turn in suspense, rendering visible the turn itself and reflecting without sufficient difference an image of the subject’s originary dispossession. The speculative movement of the narrative itself being thereby suspended—as in “The Turn of the Screw”—the subject of writing is delivered over to the pure repetition of the mimetic turn: the uncanny— Unheimlichkeit—itself. In “The Jolly Corner,” however, while the speculative dynamic of the narrative achieves itself in typical, if particularly apocalyptic, fashion, the figural ontology of the subject is dislocated at its foundation by a moment of suspension giving way to the “supreme” value, or truth, of the novel as a work of art. | ||
| 690 | _afigural ontology | ||
| 690 | _amimesis | ||
| 690 | _aspectral | ||
| 690 | _aspecular turn | ||
| 690 | _aspeculative | ||
| 690 | _asuspense | ||
| 690 | _auncanny | ||
| 690 | _ainquiétante étrangeté | ||
| 690 | _amimésis | ||
| 690 | _aontologie figurale | ||
| 690 | _aspectral | ||
| 690 | _aspéculatif | ||
| 690 | _asuspens | ||
| 690 | _atour spéculaire | ||
| 786 | 0 | _nRevue française d’études américaines | 121 | 3 | 2010-01-29 | p. 7-18 | 0397-7870 | |
| 856 | 4 | 1 | _uhttps://shs.cairn.info/revue-francaise-d-etudes-americaines-2009-3-page-7?lang=fr&redirect-ssocas=7080 |
| 999 |
_c1650176 _d1650176 |
||